Economics for managers
This book provides an overview of managerial economics, establishes shaholder wealth as an objective, and introduces the fundamental economic concepts of demand and supply, marginal analysis, net present value, risk and decision analysic,...
Zapisane w:
| 1. autor: | |
|---|---|
| Format: | Książka |
| Język: | Undetermined |
| Wydane: |
Australia
South-Western
2008
|
| Hasła przedmiotowe: | |
| Etykiety: |
Dodaj etykietę
Nie ma etykietki, Dołącz pierwszą etykiete!
|
| Thư viện lưu trữ: | Trung tâm Học liệu Trường Đại học Cần Thơ |
|---|
| LEADER | 00810nam a2200205Ia 4500 | ||
|---|---|---|---|
| 001 | CTU_153089 | ||
| 008 | 210402s9999 xx 000 0 und d | ||
| 020 | |c 108.87 | ||
| 082 | |a 330.02 | ||
| 082 | |b M164 | ||
| 100 | |a McGuigan, James R. | ||
| 245 | 0 | |a Economics for managers | |
| 245 | 0 | |c James R. McGuigan, R. Charles Moyer, Frederick H. deB. Harris | |
| 260 | |a Australia | ||
| 260 | |b South-Western | ||
| 260 | |c 2008 | ||
| 520 | |a This book provides an overview of managerial economics, establishes shaholder wealth as an objective, and introduces the fundamental economic concepts of demand and supply, marginal analysis, net present value, risk and decision analysic,... | ||
| 650 | |a Economics,Management,Kinh tế | ||
| 904 | |i Năm | ||
| 980 | |a Trung tâm Học liệu Trường Đại học Cần Thơ | ||